000 01047nam2a22002891 4500
001 RU\NLR\INFOCOMM55\5000165846
005 20250806204825.0
035 _a(NLR Aleph) 002415720
090 _a53317
_c53317
100 _a20050120d1941 u y0rusy50 ca
101 0 _arus
102 _aRU
105 _ay ||||000|y
200 1 _aВыбор электродных покрытий для сварки в воде
_fП.М. Иевлев
210 _d1941
225 1 _aВопросы судоремонта
461 0 _1001RU\NLR\INFOCOMM55\5000165752
_12001#$aТруды Центрального научно-исследовательского института речного флота$fМ-во реч. флота СССР$vВып.4
700 1 _aИевлев
_bП.М.
_4070
801 1 _aRU
_bInfoComm
_c20050120
801 0 _aRU
_bNLR
_gPSBO
852 _aNLR
_jП10/843
942 _cISSUE
945 _aРоссийская национальная библиотека
980 _aNB
980 _aBV
980 _aRUSPER